Ohio State QBs Since 2004 - Statistics

General Stats
  • This quiz has been taken 258 times
  • The average score is 8 of 13
Answer Stats
Hint Answer % Correct
2021-2022 CJ Stroud
97%
2019-2020 Justin Fields
93%
2023 Kyle McCord
90%
2018 Dwayne Haskins
88%
2014-2017 JT Barrett
81%
2014-2015 Cardale Jones
76%
2011-2013 Braxton Miller
68%
2004-2006 Troy Smith
62%
2008-2010 Terelle Pryor
46%
2013 Kenny Guiton
22%
2007-2008 Todd Boeckman
19%
2011 Joe Bauserman
18%
2004-2005 Justin Zwick
14%
No matching quizzes found
Score Distribution
Percent of People with Each Score
Percentile by Number Answered
Your Score History
You have not taken this quiz